000
00310nam a2200121Ia 4500
008
191201s2012 xx 000 0 und d
100
_a
PUNMIA, B.C.
245
0
_a
R.C.C Designs Reinforced Concrete Structures
260
_a
N. Delhi
_b
Laxmi Pub
_c
2012
300
_a
1246
650
_a
B.Tech(CE)
942
_2
ddc
_c
BK
999
_c
6321
_d
6321